Veřejný sektor a efektivní rozhodování

Gespeichert in:
Bibliographische Detailangaben
1. Verfasser: Ochrana, František
Format: Buch
Sprache:Tschechisch
Veröffentlicht: Praha Management Press 2001
Schlagworte:
Tags: Tag hinzufügen
Keine Tags, Fügen Sie das erste Tag hinzu!

MARC

LEADER 00000nam$a2200000$$$4500
001 0019840
005 20221129101240.3
020 |a 80-7261-018-X 
041 0 |a cze 
044 |a CZ 
245 1 0 |a Veřejný sektor a efektivní rozhodování  |c František Ochrana 
264 1 |a Praha  |b Management Press  |c 2001 
300 |a 246 s. 
610 2 0 |a sektor verejný 
610 2 0 |a statky verejné 
610 2 0 |a rozdeľovanie 
610 2 0 |a vláda 
610 2 0 |a efektívnosť 
610 2 0 |a dotácie štátne 
610 2 0 |a politika 
610 2 0 |a investície 
610 2 0 |a metódy simulačné 
610 2 0 |a transformácia 
610 2 0 |a reformy 
610 2 0 |a voľba verejná 
100 1 |a Ochrana, František